000 00381pab a2200157 454500
008 180718b1999 xxu||||| |||| 00| 0 eng d
100 _aSinha, Ravi R.
245 _aBihar: government wants review of tax sharing
260 _c1999
300 _ap.10
362 _a20 Jul
650 _aCentre state relations
650 _aTaxation
773 _aDeccan Herald
909 _a43209
999 _c43209
_d43209